JRが廃止した路線 - Statistics

General Stats
  • This quiz has been taken 83 times
  • The average score is 27 of 50
Answer Stats
会社 Answer 区間 % Correct
JR北海道 留萌本線 留萌ー増毛
95%
JR北海道 日高本線 鵡川ー様似
86%
JR北海道 江差線 五稜郭ー江差
83%
JR東日本 東北本線 青森ー盛岡
83%
JR北海道 札沼線 北海道医療大学ー新十津川
79%
JR東日本 信越本線 横川ー篠ノ井・長野ー直江津
79%
JR西日本 北陸本線 直江津ー敦賀
79%
JR西日本 三江線 江津ー三次
76%
JR北海道 石勝線 新夕張ー夕張
75%
JR九州 鹿児島本線 八代ー川内
70%
JR北海道 名寄本線 名寄ー遠軽・湧別ー中湧別
68%
JR東日本 岩泉線 茂市ー岩泉
67%
JR北海道 深名線 深川ー名寄
63%
JR北海道 函館本線 砂川ー上砂川
63%
JR北海道 池北線 池田ー北見
63%
JR東日本 気仙沼線 柳津ー気仙沼
63%
JR東日本 大船渡線 気仙沼ー盛
60%
JR北海道 標津線 標茶ー根室標津・厚岸ー中標津
57%
JR東海 岡多線 岡崎ー新豊田
56%
JR北海道 天北線 音威子府ー南稚内
54%
JR九州 高千穂線 延岡ー高千穂
54%
JR北海道 松前線 木古内ー松前
52%
JR西日本 能登線 穴水ー蛸島
52%
JR西日本 七尾線 和倉温泉ー輪島
52%
JR西日本 可部線 可部ー三段峡
49%
JR西日本 若桜線 郡家ー若桜
48%
JR四国 中村線 窪川ー中村
48%
JR九州 松浦線 有田ー佐世保
48%
JR北海道 歌志内線 砂川ー歌志内
46%
JR東日本 足尾線 桐生ー間藤
46%
JR西日本 宮津線 西舞鶴ー豊岡
46%
JR西日本 大社線 出雲市ー大社
46%
JR東日本 会津線 西若松ー会津高原
44%
JR東日本 真岡線 下館ー茂木
44%
JR西日本 鍛冶屋線 野村ー鍛冶屋
44%
JR西日本 信楽線 貴生川ー信楽
43%
JR九州 田川線 行橋ー田川伊田
41%
JR西日本 片町線 京橋ー片町
40%
JR九州 湯前線 人吉ー湯前
40%
JR東日本 長井線 赤湯ー荒砥
37%
JR西日本 美祢線 南大嶺ー大嶺
37%
JR九州 伊田線 直方ー田川伊田
37%
JR北海道 幌内線 岩見沢-幾春別・三笠ー幌内
35%
JR西日本 岩日線 川西ー錦町
35%
JR九州 糸田線 金田ー田川後藤寺
35%
JR東日本 木原線 大原ー上総中野
33%
JR九州 山野線 水俣ー栗野
30%
JR西日本 富山港線 富山ー岩瀬浜
27%
JR九州 宮田線 勝野ー筑前宮田
24%
JR九州 上山田線 飯塚ー豊前川崎
19%
No matching quizzes found
Score Distribution
Percent of People with Each Score
Percentile by Number Answered
Your Score History
You have not taken this quiz